000 00386cam a22001337a 4500
008 180718b1951 xxu||||| |||| 00| 0 eng d
082 _aOA835x54 In2
100 _aIndia. Film Enquiry Committee
245 _aReport of the Film Enquiry Committee, 1951
260 _aNew Delhi
_bThe author
_c1951
300 _a339+p.
500 _aChairman: S.K. Patil
700 _aPatil, S.K. (Chairman)
999 _c489489
_d489489